3-Letter Images A-Z Quiz Stats

 Plays Quiz Updated May 10, 2014

     
Support Sporcle.
Go Orange.
Score 0/27 Timer 02:00
8 Plays Today
% Correct
and
100%
ear
97.4%
gun
97.2%
key
96.9%
bat
96.7%
ice
96.5%
owl
95.8%
mug
95%
pod
95%
tea
94.5%
van
94%
cub
92.1%
rug
91.7%
wig
89.3%
% Correct
nut
89%
sky
88.9%
jet
88.4%
hog
83.2%
urn
81.8%
fig
79%
dam
68.1%
zoo
63.5%
yen
62%
awl
48.2%
lox
36.6%
qat
10.9%
xor
8.3%

From the Vault

Sea Life A-Z II

by Hullabaloo

Science 8m
Everything's better, down where it's wetter, under the sea.
Remove Ads.
Support Sporcle.
Get the best of Sporcle when you Go Orange. This ad-free experience offers more features, more stats, and more fun while also helping to support Sporcle. Thank you for becoming a member.

Show Comments

Extras

Top Quizzes Today


Score Distribution

Your Account Isn't Verified!

In order to create a playlist on Sporcle, you need to verify the email address you used during registration. Go to your Sporcle Settings to finish the process.

Report this User

Report this user for behavior that violates our Community Guidelines.

Details: